Journal of theoretical medicine.

Bibliographic Details
New Title:Computational and mathematical methods in medicine (Online)
Uniform Title:Journal of theoretical medicine (Online)
Format: Journal
Language:English
Published: [London] : Gordon and Breach, 1997-2005.
Subjects:
Online Availability: Check for online availability

MARC

Tag First Indicator Second Indicator Subfields
LEADER 00000cas a2200000 a 4500
001 in00002085821
005 20151102162553.0
006 m f d
007 cr |||||||||||
008 020713d19972005enkqr poo 0 0eng c
010 |a  2006233274 
015 |a GBA605165  |2 bnb 
019 |a 173396935  |a 173413259  |a 173423247  |a 225910479 
022 |a 1607-8578  |l 1027-3662  |y 1027-3662 
029 1 |a OCLCS  |b 34787 
029 1 |a OCLCS  |b OP-32305 
029 1 |a NZ1  |b 8693682 
029 1 |a AU@  |b 000040998123 
029 1 |a AU@  |b 000040350387 
029 1 |a NZ1  |b 12399112 
029 1 |a AU@  |b 000043832028 
029 1 |a AU@  |b 000044937459 
029 1 |a AU@  |b 000045724523 
035 |a (OCoLC)ocm50166386 
035 |a (OCoLC)50166386  |z (OCoLC)173396935  |z (OCoLC)173413259  |z (OCoLC)173423247  |z (OCoLC)225910479 
040 |a F#A  |c F#A  |d OCLCQ  |d GUA  |d SBH  |d GBT  |d AU@  |d OCLCQ  |d UtOrBLW 
042 |a pcc 
049 |a TXAM 
050 1 4 |a R850.A1  |b J68 Electronic 
082 0 4 |a 571.7 
130 0 |a Journal of theoretical medicine (Online) 
245 1 0 |a Journal of theoretical medicine. 
264 1 |a [London] :  |b Gordon and Breach,  |c 1997-2005. 
310 |a Quarterly 
336 |a text  |b txt  |2 rdacontent 
337 |a computer  |b c  |2 rdamedia 
338 |a online resource  |b cr  |2 rdacarrier 
362 1 |a Began with: Vol. 1, issue 1 (1997); ceased with: Vol. 6, issue 4 (Dec. 2005). 
500 |a Published: Taylor & Francis, <2002>-2005. 
500 |a Description based on: Volume 1, issue 1 (1997); title from contents screen (Informaworld, viewed Nov. 22, 2010). 
500 |a Last issue consulted: Volume 6, issue 4 (Dec. 2005) (informaworld, viewed Nov. 22, 2010). 
515 |a Some issues combined. 
538 |a Mode of access: World Wide Web. 
500 |a Electronic resource. 
650 0 |a Medicine, Experimental  |v Periodicals. 
650 0 |a Biological models  |v Periodicals. 
650 0 |a Biological systems  |x Mathematical models  |v Periodicals. 
650 1 2 |a Models, Theoretical  |v Periodicals. 
650 2 2 |a Models, Biological  |v Periodicals. 
776 0 8 |i Print version:  |t Journal of theoretical medicine  |w (DLC) 2002243132  |w (OCoLC)49275528 
785 0 0 |t Computational and mathematical methods in medicine (Online)  |x 1748-6718  |w (DLC) 2006233266  |w (OCoLC)73261761 
949 |a updated  |b h  |c 2010/11/23  |e spoltoratski  |f 9:08:19 am  |g m 
994 |a C0  |b TXA 
999 |a MARS 
999 f f |s 1a2d4d1a-f652-3d38-8751-e261d5bf48ab  |i ef6c2dca-bdbb-3168-b01e-4a8479e05af3  |t 0 
952 f f |a Texas A&M University  |b College Station  |c Electronic Resources  |d Available Online  |t 0  |e R850.A1 J68  |g Electronic  |h Library of Congress classification 
998 f f |a R850.A1 J68  |t 0  |l Available Online